书目信息 |
| 题名: |
选择健康
|
|
| 作者: | 弗朗西斯 , 科顿 著 ;许育琳 译 | |
| 分册: | ||
| 出版信息: | 北京 电子工业出版社 2005.04 |
|
| 页数: | 265页 | |
| 开本: | 24cm | |
| 丛书名: | ||
| 单 册: | ||
| 中图分类: | R161 | |
| 科图分类: | ||
| 主题词: | 保健--bao jian--基本知识 | |
| 电子资源: | ||
| ISBN: | 7-121-01009-7 | |
| 000 | 01130nam0 2200277 450 | |
| 001 | 012007319840 | |
| 005 | 20071010152742.28 | |
| 010 | @a7-121-01009-7@dCNY25.00 | |
| 100 | @a20070816d2005 km y0chiy0120 ea | |
| 101 | 1 | @achi@ceng |
| 102 | @aCN@b110000 | |
| 105 | @aa z 000yy | |
| 200 | 1 | @a选择健康@Axuan ze jian kang@d= Never be sick again@f(美) 雷蒙德·弗朗西斯, 凯斯特·科顿著@F(mei)lei meng de·fu lang xi si,kai si te·ke dun zhu@g许育琳译@Gxu yu lin yi@zeng |
| 210 | @a北京@c电子工业出版社@d2005.04 | |
| 215 | @a265页@c图@d24cm | |
| 305 | @a据原书2002年英文版译出。 | |
| 306 | @a由HEALTH COMMUNICATIONS,Inc.授权电子工业出版社出版。 | |
| 330 | @a本书揭示了疾病的奥秘,提出了一个关于健康和疾病的革命化的新理论,具体包括:人体健康的潜能、选择健康的细胞、心理渠道、生理渠道、遗传渠道、世界观的变迁等11章内容。 | |
| 500 | 10 | @aNever be sick again@mChinese |
| 606 | 0 | @a保健@Abao jian@x基本知识 |
| 690 | @aR161@v4 | |
| 701 | 1 | @a弗朗西斯@Afu lang xi si@g(Francis, Raymond)@4著 |
| 701 | 1 | @a科顿@Ake dun@g(Cotton, Kester)@4著 |
| 702 | 0 | @a许育琳@Axu yu lin@4译 |
| 801 | 0 | @aCN@c20071010 |
| 905 | @dR161@eF597 | |
| 选择健康= Never be sick again/(美) 雷蒙德·弗朗西斯, 凯斯特·科顿著/许育琳译.-北京:电子工业出版社,2005.04 |
| 265页:图;24cm |
| ISBN 7-121-01009-7:CNY25.00 |
| 本书揭示了疾病的奥秘,提出了一个关于健康和疾病的革命化的新理论,具体包括:人体健康的潜能、选择健康的细胞、心理渠道、生理渠道、遗传渠道、世界观的变迁等11章内容。 |
| ● |
| 相关链接 |
|
|
|
正题名:选择健康
索取号:R161/F597
 
预约/预借
| 序号 | 登录号 | 条形码 | 馆藏地/架位号 | 状态 | 备注 |
| 1 | 253358 | 202533589 | 自科库401/401自科库 3排2列4层/ [索取号:R161/F597] | 在馆 | |
| 2 | 253359 | 202533598 | 自科库401/401自科库 3排2列4层/ [索取号:R161/F597] | 在馆 | |
| 3 | 253360 | 202533605 | 自科库401/401自科库 3排2列4层/ [索取号:R161/F597] | 在馆 |